00273nam a2200121Ia 45000030006000000080041000060400015000471000040000622450011001022600009001135460012001220050017001340STCL150530s9999 xx 000 0 und d aSTCLcSTCL aBalakrishnan, R.; Madhava Rao, V.N. aPapaya c1973 aEnglish20220125170405.0